Filosofa̕ del derecho

Detalles Bibliográficos
Autor principal: Rojas Gonzl̀ez, Gregorio
Formato: eBook
Lenguaje:español
Publicado: Bogot:̀ Universidad Catl̤ica de Colombia, 2018
Materias:
Acceso en línea:Acceso restringido

MARC

LEADER 00000nam a22000007a 4500
005 20190813215924.0
007 cr|||| ||||
008 190813s2018 co |||||s|||| 00||0 spa d
020 |a 9789585456204 
035 |a 24035 
040 |a vLex 
090 |c 9169  |d 9169 
100 1 |a Rojas Gonzl̀ez, Gregorio 
245 1 0 |a Filosofa̕ del derecho  |h [Recurso electrn̤ico] /  |c Gregorio Rojas Gonzl̀ez 
256 |a Servicio en ln̕ea 
260 |a Bogot:̀  |b Universidad Catl̤ica de Colombia,  |c 2018 
300 |a 1 recurso electrn̤ico 
500 |a Dice Santo Toms̀: “La finalidad de la filosofa̕ no es saber lo que los hombres han pensado, sino saber cul̀ es la verdad de las cosas”. Por ello, el presente libro se desarrolla desde el Realismo Filosf̤ico -como sistema de pensamiento-, seleccionando los temas que pueden ser relevantes para quienes se dedican al estudio de la Filosofa̕ del Derecho, donde el conocimiento toma su impulso hacia lo real, hacia la verdad natural. En consecuencia, tňgase presente que habr ̀siempre una verdad conquistada donde ha habido un autňtico conocimiento desde el estudio de la realidad, con independencia del sujeto pensante y no por cuenta y riesgo del mismo. Los temas fundamentales que fueron seleccionados para este libro y que dan solucin̤ a algunos de los problemas bs̀icos de la Filosofa̕ del Derecho, son: a. El pensar como valor del conocimiento de la realidad jurd̕ica (problema gnoseolg̤ico). b. El ser, del saber de la Ciencia del Derecho (problema ontolg̤ico). c. El obrar, que hace referencia al valor de los actos humanos en relacin̤ con el objeto material y formal del Derecho, como finalidad que le es propia al saber del jurista (problema ťico), siendo de mayor importancia el primero, en cuanto el valor de las soluciones que se dan al problema ontolg̤ico y ťico del ser del Derecho depende de la orientacin̤ que han de seguir las investigaciones sobre los problemas planteados. 
506 1 |a Disponible solo en los productos indicados  |d vLex Global  |d vLex Global (Academic Edition, excluding Law Schools)  |d vLex Global (U.S. Academic Edition, Law Schools)  |d vLex Global (U.S. Academic Edition, excluding Law Schools)  |d vLex Global (Academic Edition, Law Schools) 
650 0 4 |a Derecho Militar  |z Colombia 
740 0 |a vLex Libros (Servicio en ln̕ea) 
856 4 0 |u http://vlex.com/source/filosofia-del-derecho-24035  |z Acceso restringido 
942 |c BOOK 
999 0 |a Derecho Militar